John Toland, La Constitution primitive de l’Église chrétienne / The Primitive Constitution of the Christian Church. Texte anglais et traduction manuscrite précédés de L’Ecclésiologie de John Toland par Laurent Jaffro, Paris, Champion, coll. « Libre-pensée et littérature clandestine », 2003. Un vol. 15,5 × 22,5 cm de 272 p. (notice n° 1599928)
[ vue normale ]
| 000 -LEADER | |
|---|---|
| fixed length control field | 00779cam a2200145 4500500 |
| 005 - DATE AND TIME OF LATEST TRANSACTION | |
| control field | 20251228082841.0 |
| 041 ## - LANGUAGE CODE | |
| Language code of text/sound track or separate title | fre |
| 042 ## - AUTHENTICATION CODE | |
| Authentication code | dc |
| 100 10 - MAIN ENTRY--PERSONAL NAME | |
| Personal name | Quantin, Jean-Louis |
| Relator term | author |
| 245 00 - TITLE STATEMENT | |
| Title | John Toland, La Constitution primitive de l’Église chrétienne / The Primitive Constitution of the Christian Church. Texte anglais et traduction manuscrite précédés de L’Ecclésiologie de John Toland par Laurent Jaffro, Paris, Champion, coll. « Libre-pensée et littérature clandestine », 2003. Un vol. 15,5 × 22,5 cm de 272 p. |
| 260 ## - PUBLICATION, DISTRIBUTION, ETC. | |
| Date of publication, distribution, etc. | 2004.<br/> |
| 500 ## - GENERAL NOTE | |
| General note | 67 |
| 786 0# - DATA SOURCE ENTRY | |
| Note | Dix-septième siècle | 223 | 2 | 2004-06-01 | p. 333f-347f | 0012-4273 |
| 856 41 - ELECTRONIC LOCATION AND ACCESS | |
| Uniform Resource Identifier | <a href="https://shs.cairn.info/revue-dix-septieme-siecle-2004-2-page-333f?lang=fr&redirect-ssocas=7080">https://shs.cairn.info/revue-dix-septieme-siecle-2004-2-page-333f?lang=fr&redirect-ssocas=7080</a> |
Pas d'exemplaire disponible.




Réseaux sociaux